Music Quiz

Random Music or Song Quiz

UK Number 1 singles in 2017 Quiz Stats

Quiz not verified by Sporcle

Challenge
Share
Tweet
Embed
Score 0/9 Timer 01:30
0 Plays Today
Artist Song % Correct
Ed SheeranShape of You
93.8%
DJ Khaled featuring Justin Bieber, Quavo, Chance the Rapper & Lil WayneI'm the One
92.3%
Luis Fonsi & Daddy Yankee featuring Justin BieberDespacito
92.3%
Luis Fonsi & Daddy Yankee featuring Justin BieberDespacito
92.3%
Clean Bandit featuring Sean Paul & Anne-MarieRockabye
87.5%
Harry StylesSign of the Times
84.6%
Ed SheeranShape of You
84.6%
Clean Bandit featuring Zara LarssonSymphony
84.6%
Artists for GrenfellBridge over Troubled Water
46.2%

You're not logged in!

Compare scores with friends on all Sporcle quizzes.
Join for Free
OR
Log In

You Might Also Like...

Show Comments

Extras

Created Feb 1, 2017ReportNominate
Tags:Artist Quiz, Song Quiz, 2016, single, week

Top Quizzes Today


Score Distribution

Your Account Isn't Verified!

In order to create a playlist on Sporcle, you need to verify the email address you used during registration. Go to your Sporcle Settings to finish the process.

Report this User

Report this user for behavior that violates our Community Guidelines.

Details: